000 00805cam a2200205 i 4500
005 20251230094544.0
008 250721s2007 ua gr 000 0 ara d
082 1 4 _a219
_bق و ص
100 1 _aالقوصي، صلاح الدين
_eمؤلف.
245 1 0 _aمحمد نبي الرحمة صلى الله عليه و سلم /
_cعبدالله صلاح الدين القوصي ؛ محمد سيد الطنطاوي
250 _aالطبعه.الخامسه.
264 3 1 _aالقاهرة :
_bمكتبة جزيرة الورد،
_c2007.
300 _a391 صفحه.
490 0 _aالإسلام : شريعة و طريقة و حقيقة
650 1 7 _aالإسلام.
650 1 7 _aالسيرة النبوية.
650 1 7 _aأخلاق الرسول.
942 _2ddc
_cBK
999 _c109488
_d109488